Commercial bank financial management in the financial-services industry / (Record no. 2754)

MARC details
000 -LEADER
fixed length control field 01199cam a2200181 a 4500
020 ## - INTERNATIONAL STANDARD BOOK NUMBER
ISBN 0130909106 (alk. paper)
022 ## - INTERNATIONAL STANDARD SERIAL NUMBER
ISSN 9780130909107
050 00 - CALL NUMBER
Classification number HG1615
Item number .S57
100 1# - AUTHOR
Personal name Sinkey, Joseph F.
245 10 - TITLE
Title Commercial bank financial management in the financial-services industry /
Statement of responsibility, etc Joseph F. Sinkey, Jr.
250 ## - EDITION
Edition statement 6th ed.
260 ## - PUBLICATION INFORMATION
Place of publication Upper Saddle River, NJ :
Name of publisher Prentice Hall,
Year of publication 2002.
300 ## - DESCRIPTION
Number of Pages xix, 696 p. :
Other physical details ill. ;
Dimensions 26 cm.
500 ## - NOTES
General note includes index
505 ## - FORMATTED CONTENTS NOTE
Table of Content pt. I. Banking and the Forces of Change in the Financial-Services Industry. Ch. 1. Overview of Banking and the Financial-Services Industry. Ch. 2. Drivers of Change, Innovation, and Consolidation in the Financial-Services Industry. Ch. 3. Technology in Banking: E-Money, E-Banking, and E-Commerce --<br/>pt. II. Bank Financial Statements, Risks, and Valuation. Ch. 4. Sources and Uses of Bank Funds and the Risks of Banking. Ch. 5. Accounting and Economic Models of Bank Performance and Valuation. Ch. 6. Case Studies in Bank Valuation and Performance --<br/>pt. III. The Big Picture: Strategic Planning, Risk Management, Asset-Liability Management, and Capital Adequacy.
650 #0 - SUBJECTS
Topical Term Bank management.
942 ## - ADDED ENTRY ELEMENTS (KOHA)
Koha item type Books
Holdings
Withdrawn status Lost status Collection code Home library Current library Shelving location Date acquired Full call number Accession Number Koha item type
    Reference Methodist University Library Main Methodist University Library Main General Stacks 21/05/2005 HG1615 .S57 16575 Books
    Reference Methodist University Library Main Methodist University Library Main General Stacks 20/05/2005 HG1615 .S57 17853 Books
Copyright © 2026  MUG Library